A worktext in english 2 : (Record no. 48306)
[ view plain ]
| 000 -LEADER | |
|---|---|
| fixed length control field | 00630nam a2200181Ia 4500 |
| 008 - FIXED-LENGTH DATA ELEMENTS--GENERAL INFORMATION | |
| fixed length control field | 140321s9999 xx 000 0 und d |
| 020 ## - INTERNATIONAL STANDARD BOOK NUMBER | |
| International Standard Book Number | 9789719800484 |
| 050 ## - LIBRARY OF CONGRESS CALL NUMBER | |
| Classification number | PE 1130.F5 |
| Item number | .W67 2013 |
| 100 ## - MAIN ENTRY--PERSONAL NAME | |
| Personal name | Fernandez, Edroslyn J. |
| 245 #2 - TITLE STATEMENT | |
| Title | A worktext in english 2 : |
| Remainder of title | writing in the discipline / |
| Statement of responsibility, etc | Edroslyn J. Fernandez, Amelita N. Grumo, Jondy M. Arpilleda, [et.al]� |
| 260 ## - PUBLICATION, DISTRIBUTION, ETC. (IMPRINT) | |
| Place of publication, distribution, etc | Quezon City : |
| Name of publisher, distributor, etc | C & E Pub., |
| Date of publication, distribution, etc | c2013. |
| 300 ## - PHYSICAL DESCRIPTION | |
| Extent | 271 p. : |
| Dimensions | 26 cm. |
| 500 ## - GENERAL NOTE | |
| General note | Includes index. |
| 521 ## - TARGET AUDIENCE NOTE | |
| Target audience note | |
| 650 ## - SUBJECT ADDED ENTRY--TOPICAL TERM | |
| Topical term or geographic name as entry element | English language |
| General subdivision | Writing -- Study and teaching (Higher) -- Philippines. |
| 942 ## - ADDED ENTRY ELEMENTS (KOHA) | |
| Call number prefix | Local |
| Koha item type | Books |
| Withdrawn status | Lost status | Damaged status | Home library | Current library | Shelving location | Date acquired | Total Checkouts | Total Renewals | Full call number | Barcode | Date last seen | Date checked out | Price effective from | Koha item type |
|---|---|---|---|---|---|---|---|---|---|---|---|---|---|---|
| College Library | College Library | Reserve Section | 03/21/2014 | 1 | 3 | PE 1130.F5 .W67 2013 | C17589 | 12/12/2018 | 11/16/2018 | 03/21/2014 | Books |